000 00663nam a2200241 i 4500
001 C2-0329680
003 PPAK
005 20180728130703.0
008 150121s1997 my |||| ||||| | may d
020 _a9830980685
040 _aPPAK
_beng
_cPPAK
_erda
082 0 4 _a297.27
_223
090 0 0 _a297.27
_bBEB
_dG
245 0 0 _aBeberapa masalah umat Islam masa kini
264 1 _aBatu Caves, Selangor :
_bPustaka Ilmi ,
_c1997
300 _a128 pages ;
_c21 cm
336 _2rdacontent
_atext
337 _2rdamedia
_aunmediated
338 _2rdacarrier
_avolume
650 1 0 _aIslam- Social problem.
700 0 _aAmina Haji Noor,
_ecompile
942 _ddc
_cB
999 _c128870
_d128870